<?xml version="1.0" encoding="UTF-8"?>
<record
    xmlns:xsi="http://www.w3.org/2001/XMLSchema-instance"
    xsi:schemaLocation="http://www.loc.gov/MARC21/slim http://www.loc.gov/standards/marcxml/schema/MARC21slim.xsd"
    xmlns="http://www.loc.gov/MARC21/slim">

  <leader>00730nam a22002057a 4500</leader>
  <controlfield tag="003">OSt</controlfield>
  <controlfield tag="005">20220624162742.0</controlfield>
  <controlfield tag="008">160423b        xxu||||| |||| 00| 0 eng d</controlfield>
  <datafield tag="020" ind1=" " ind2=" ">
    <subfield code="a">9241545550</subfield>
  </datafield>
  <datafield tag="040" ind1=" " ind2=" ">
    <subfield code="c">The WHO manual of diagnostic imaging:radiographic anatomy and interpretation of the musculoskeletal system</subfield>
    <subfield code="a">&#x42D;&#x41C;&#x428;&#x423;&#x422;&#x41D;&#x421;</subfield>
  </datafield>
  <datafield tag="082" ind1=" " ind2=" ">
    <subfield code="a">616.075 72</subfield>
    <subfield code="b">D 26</subfield>
  </datafield>
  <datafield tag="100" ind1=" " ind2=" ">
    <subfield code="a">Davies A. Mark.</subfield>
    <subfield code="9">38</subfield>
  </datafield>
  <datafield tag="245" ind1=" " ind2=" ">
    <subfield code="a">The WHO manual of diagnostic imaging: </subfield>
    <subfield code="b">Radiographic anatomy and interpretation of the musculoskeletal system.</subfield>
  </datafield>
  <datafield tag="260" ind1=" " ind2=" ">
    <subfield code="a">Malta:</subfield>
    <subfield code="b">WHO.,</subfield>
    <subfield code="c">2002.</subfield>
  </datafield>
  <datafield tag="300" ind1=" " ind2=" ">
    <subfield code="a">203p.</subfield>
  </datafield>
  <datafield tag="546" ind1=" " ind2=" ">
    <subfield code="a">english</subfield>
  </datafield>
  <datafield tag="650" ind1=" " ind2=" ">
    <subfield code="a">Radiographic </subfield>
    <subfield code="x">anatomy</subfield>
    <subfield code="9">56395</subfield>
  </datafield>
  <datafield tag="650" ind1=" " ind2=" ">
    <subfield code="a">Radiographic</subfield>
    <subfield code="x">musculoskeletal system.</subfield>
    <subfield code="9">56396</subfield>
  </datafield>
  <datafield tag="942" ind1=" " ind2=" ">
    <subfield code="2">ddc</subfield>
    <subfield code="c">TBOOK</subfield>
  </datafield>
  <datafield tag="999" ind1=" " ind2=" ">
    <subfield code="c">2640</subfield>
    <subfield code="d">2640</subfield>
  </datafield>
  <datafield tag="952" ind1=" " ind2=" ">
    <subfield code="r">2023-03-31 00:00:00</subfield>
    <subfield code="i">934</subfield>
    <subfield code="l">2</subfield>
    <subfield code="o">616.075 72</subfield>
    <subfield code="p">ATNS-FB01108</subfield>
    <subfield code="s">2023-03-17</subfield>
    <subfield code="w">2016-04-23</subfield>
    <subfield code="x">&#x442;&#x43E;&#x43E;&#x43B;&#x43E;&#x432;</subfield>
    <subfield code="y">TBOOK</subfield>
    <subfield code="z">2017.06.21 </subfield>
    <subfield code="z"> 2018.08.14 </subfield>
    <subfield code="z"> 2019.06.17 </subfield>
    <subfield code="z"> 2020.08.25 </subfield>
    <subfield code="z"> 2022.09 </subfield>
    <subfield code="z"> 2023.09.18 </subfield>
    <subfield code="z"> 2024.06.24</subfield>
    <subfield code="1">0</subfield>
    <subfield code="2">ddc</subfield>
    <subfield code="4">0</subfield>
    <subfield code="7">0</subfield>
    <subfield code="0">0</subfield>
    <subfield code="a">CTRL</subfield>
    <subfield code="b">CTRL</subfield>
    <subfield code="c">FLB1</subfield>
    <subfield code="d">2016-04-23</subfield>
    <subfield code="g">2030.00</subfield>
  </datafield>
  <datafield tag="952" ind1=" " ind2=" ">
    <subfield code="r">2019-10-09 00:00:00</subfield>
    <subfield code="i">501</subfield>
    <subfield code="l">0</subfield>
    <subfield code="o">616.075 72</subfield>
    <subfield code="p">ATNS-SSUFE000429</subfield>
    <subfield code="w">2017-08-17</subfield>
    <subfield code="y">TBOOK</subfield>
    <subfield code="1">0</subfield>
    <subfield code="2">ddc</subfield>
    <subfield code="4">0</subfield>
    <subfield code="7">0</subfield>
    <subfield code="0">0</subfield>
    <subfield code="a">SUV</subfield>
    <subfield code="b">SUV</subfield>
    <subfield code="c">GENSUV</subfield>
    <subfield code="d">2019-10-09</subfield>
    <subfield code="g">2000.00</subfield>
  </datafield>
  <datafield tag="952" ind1=" " ind2=" ">
    <subfield code="r">2017-09-14 00:00:00</subfield>
    <subfield code="i">5374</subfield>
    <subfield code="o">616.075 72</subfield>
    <subfield code="p">ATNS-G00616</subfield>
    <subfield code="w">2017-09-14</subfield>
    <subfield code="x">&#x442;&#x43E;&#x43E;&#x43B;&#x43E;&#x432;</subfield>
    <subfield code="y">TBOOK</subfield>
    <subfield code="z">2020.09.17 </subfield>
    <subfield code="z"> 2023.08.28 </subfield>
    <subfield code="z"> 2024.1.18</subfield>
    <subfield code="1">0</subfield>
    <subfield code="2">ddc</subfield>
    <subfield code="4">0</subfield>
    <subfield code="7">0</subfield>
    <subfield code="0">0</subfield>
    <subfield code="a">MAIN</subfield>
    <subfield code="b">MAIN</subfield>
    <subfield code="c">CL</subfield>
    <subfield code="d">2017-09-14</subfield>
    <subfield code="g">2000.00</subfield>
  </datafield>
  <datafield tag="952" ind1=" " ind2=" ">
    <subfield code="r">2019-10-09 00:00:00</subfield>
    <subfield code="i">502</subfield>
    <subfield code="l">0</subfield>
    <subfield code="o">616.075 72</subfield>
    <subfield code="p">ATNS-SSUFE000430</subfield>
    <subfield code="w">2017-08-17</subfield>
    <subfield code="y">TBOOK</subfield>
    <subfield code="1">0</subfield>
    <subfield code="2">ddc</subfield>
    <subfield code="4">0</subfield>
    <subfield code="7">0</subfield>
    <subfield code="0">0</subfield>
    <subfield code="a">SUV</subfield>
    <subfield code="b">SUV</subfield>
    <subfield code="c">GENSUV</subfield>
    <subfield code="d">2019-10-09</subfield>
    <subfield code="g">2000.00</subfield>
  </datafield>
</record>
